00546cam a22002057a 4500003000500000005001700005008004100022010000900063011000900072035000900081040000900090082001500099100003300114245005900147260003700206300001900243650001800262650003200280700002800312CHAP20220329133156.0971013s1991 r 00010 d a3011 a3983 a3184 cCHAP a631.34bR600aRodríguez Piña, Antonio. 0aSemiforzado de cultivos mediante el uso de plásticos aMéxico, D. F. :bLIMUSA,c1991 a126 p.b: ilus14aInvernaderos.14aPlásticos en agricultura.0 aIbarra Jiménez, Luis.